| 000 | 00490nam a22001577a 4500 | ||
|---|---|---|---|
| 005 | 20251108170131.0 | ||
| 008 | 250721s1991 xx 000 0 ara d | ||
| 082 | 1 | 4 | _a814/درو |
| 100 | 1 | _aدرويش، محمود | |
| 245 | 1 | 0 |
_aعابرون في كلام عابر : _bمقالات مختارة / |
| 264 | 1 |
_aالدار البيضاء : _bدار توبقال للنشر، _c1991. |
|
| 300 | _a154ص | ||
| 650 | 1 | 7 | _aالمقالات الأدبية |
| 942 |
_2ddc _cBK |
||
| 999 |
_c40561 _d40561 |
||